Caribbean Eye. Tape 2, Jourvert 1990.

Vox Pop with Tony Hall asking What does Carnival mean to you? Interviewees include: Lady from Toronto, Michael Bynoe, Peter Bynoe, Mervyn Telfer, Gene Lawrence, Mavis John. Ken Corsbie does link to Dominica Carnival. Steelband and players in front of Red House.

Bibliographic Details
Other Authors: Corsbie, Ken (Speaker), Hall, Tony, 1948- (Speaker)
Format: Video
Language:English
Language Notes:In English.
Published: Trinidad and Tobago : Banyan Archive, 1990.
Subjects:
Online Access:Connect to this streaming video (Alexander Street Press)

MARC

Tag First Indicator Second Indicator Subfields
LEADER 00000cgm a2200000 i 4500
001 in00005594721
006 m o c
007 cr |n||||||||a
007 vz |za|z|
008 210105s1990 tr 020 e o vneng d
005 20241201233703.3
035 |a (OCoLC)on1251434033 
040 |a ALSTP  |b eng  |e rda  |c ALSTP  |d OCLCO  |d OCLCF  |d OCLCO  |d OCLCL  |d OCLCQ 
035 |a (OCoLC)1251434033 
049 |a TXAM 
245 0 0 |a Caribbean Eye.  |n Tape 2,  |p Jourvert 1990. 
264 1 |a Trinidad and Tobago :  |b Banyan Archive,  |c 1990. 
300 |a 1 online resource (20 minutes) 
306 |a 001926 
336 |a two-dimensional moving image  |b tdi  |2 rdacontent 
337 |a computer  |b c  |2 rdamedia 
337 |a video  |b v  |2 rdamedia 
338 |a online resource  |b cr  |2 rdacarrier 
347 |a video file  |2 rda 
500 |a Title from resource description page (viewed April 8, 2021). 
520 |a Vox Pop with Tony Hall asking What does Carnival mean to you? Interviewees include: Lady from Toronto, Michael Bynoe, Peter Bynoe, Mervyn Telfer, Gene Lawrence, Mavis John. Ken Corsbie does link to Dominica Carnival. Steelband and players in front of Red House. 
546 |a In English. 
650 0 |a Carnival  |z Trinidad and Tobago. 
650 6 |a Carnavals  |z Trinité-et-Tobago. 
650 7 |a Carnival.  |2 fast  |0 (OCoLC)fst00847651 
651 7 |a Trinidad and Tobago.  |2 fast  |0 (OCoLC)fst01211577  |1 https://id.oclc.org/worldcat/entity/E39PBJd3Qhcfgyjgt7QFBtRVG3 
655 7 |a Documentary films.  |2 fast  |0 (OCoLC)fst01710390 
655 7 |a Documentary films.  |2 lcgft 
655 7 |a Documentaires.  |2 rvmgf 
700 1 |a Corsbie, Ken,  |e speaker. 
700 1 |a Hall, Tony,  |d 1948-  |e speaker.  |1 https://id.oclc.org/worldcat/entity/E39PCjB9yYwpVD3wF4kJhy98fm 
710 2 |a Banyan Archives,  |e production company,  |e publisher. 
758 |i has work:  |a Tape 2 Caribbean Eye Jourvert 1990 (MovingImage)  |1 https://id.oclc.org/worldcat/entity/E39PCGCW9BhtDgWWVdxGrhFWKq  |4 https://id.oclc.org/worldcat/ontology/hasWork 
856 4 0 |u http://proxy.library.tamu.edu/login?url=https://www.aspresolver.com/aspresolver.asp?MARC;3267425  |z Connect to this streaming video (Alexander Street Press)  |t 0 
955 |a Alexander Street Press subscription streaming video 
994 |a 92  |b TXA 
999 f f |s a44bff2e-fc85-400d-8483-6a4b37592732  |i 2cfcf245-a7ab-4e5e-8522-8aacaef7a33c  |t 0 
952 f f |a Texas A&M University  |b College Station  |c Electronic Resources  |d Available Online  |t 0  |h Library of Congress classification 
998 f f |t 0  |l Available Online